[Event "FIDE World Cup 2021"]
[Site "Krasnaya Polyana (Sochi) RUS"]
[Date "2021.07.16"]
[EventDate "2021.07.12"]
[Round "2.2"]
[Result "1/2-1/2"]
[White "Nils Grandelius"]
[Black "Varuzhan Akobian"]
[WhiteElo "2661"]
[BlackElo "2614"]
[PlyCount "114"]

1. e4 e6 2. d4 d5 3. e5 c5 4. c3 Qb6 5. Nf3 Bd7 6. Be2 cxd4 7. cxd4 Bb5 8.
Nc3 Bxe2 9. Nxe2 Bb4+ 10. Kf1 Nc6 11. g3 Qa6 12. Kg2 Nge7 13. a3 Ba5 14.
Rb1 Bd8 15. b4 Qb6 16. Qd3 a6 17. Nf4 Qb5 18. Qd1 Nf5 19. a4 Qb6 20. Ne2
Be7 21. b5 axb5 22. axb5 Na5 23. Qd3 Nc4 24. Nc3 g6 25. g4 Nh4+ 26. Nxh4
Bxh4 27. Bh6 Be7 28. Rhd1 Qd8 29. f4 Ra3 30. b6 Qa8 31. Rb5 Kd7 32. f5 gxf5
33. Bc1 Rxc3 34. Qxc3 Rg8 35. Qb3 Rxg4+ 36. Kh1 Kc6 37. Qb1 Qa4 38. Rb3 h5
39. Rdd3 Qa5 40. Bb2 h4 41. Bc3 Qa6 42. Bb4 Bxb4 43. Rxb4 Re4 44. Rd1 Kd7
45. Rb3 Re2 46. Rh3 Rb2 47. Qa1 Ra2 48. Qb1 Nxb6 49. Qb4 Nc4 50. Qf8 Ra1
51. Qxf7+ Kc8 52. Qf8+ Kc7 53. Qe7+ Kb8 54. Qf8+ Ka7 55. Qc5+ Kb8 56. Qf8+
Ka7 57. Qc5+ Kb8 1/2-1/2

[Event "FIDE World Cup 2021"]
[Site "Krasnaya Polyana (Sochi) RUS"]
[Date "2021.07.16"]
[EventDate "2021.07.12"]
[Round "2.2"]
[Result "1/2-1/2"]
[White "Viktor Erdos"]
[Black "Matthias Bluebaum"]
[WhiteElo "2614"]
[BlackElo "2669"]
[PlyCount "74"]

1. e4 c6 2. Nf3 d5 3. Nc3 Bg4 4. h3 Bxf3 5. Qxf3 e6 6. d4 Nf6 7. Be2 dxe4
8. Nxe4 Qxd4 9. Nxf6+ Qxf6 10. Qb3 Bc5 11. O-O b6 12. Qg3 Nd7 13. Rd1 Qe5
14. Qf3 Qf5 15. Bf4 e5 16. Bg3 Qe6 17. Qg4 Qxg4 18. Bxg4 Nf6 19. Bxe5 Nxg4
20. hxg4 O-O 21. Bd6 Bxd6 22. Rxd6 Rac8 23. Rd7 f5 24. gxf5 Rxf5 25. Re1
Rf7 26. Ree7 Rxe7 27. Rxe7 Rd8 28. Rxa7 Rd1+ 29. Kh2 Rb1 30. b3 Rb2 31. c4
Rxf2 32. a4 c5 33. a5 bxa5 34. Rxa5 Rb2 35. Rxc5 Rxb3 36. Rc7 Rc3 37. c5
1/2-1/2

[Event "FIDE World Cup 2021"]
[Site "Krasnaya Polyana (Sochi) RUS"]
[Date "2021.07.16"]
[EventDate "2021.07.12"]
[Round "2.2"]
[Result "1-0"]
[White "Ivan Cheparinov"]
[Black "Rasmus Svane"]
[WhiteElo "2667"]
[BlackElo "2615"]
[PlyCount "136"]

1. d4 Nf6 2. c4 e6 3. Nc3 Bb4 4. f3 d5 5. a3 Be7 6. e4 dxe4 7. fxe4 c5 8.
d5 exd5 9. exd5 O-O 10. Be2 Re8 11. Nf3 Bg4 12. O-O Bd6 13. Nb5 a6 14. Nxd6
Qxd6 15. Qc2 Nbd7 16. h3 Bh5 17. Bd3 Bxf3 18. Rxf3 Ne5 19. Rf1 Nxd3 20.
Qxd3 b5 21. b3 Re4 22. Be3 Rae8 23. Bf2 bxc4 24. bxc4 Nd7 25. Rab1 Qg6 26.
d6 Qe6 27. Rb7 Rd8 28. Rfb1 h6 29. Qd5 Qxd5 30. cxd5 Re5 31. Be1 Nf8 32.
Ba5 Rxd6 33. Bc7 Rdxd5 34. Bxe5 Rxe5 35. Ra7 Ne6 36. Rb8+ Kh7 37. Rxf7 Kg6
38. Rf3 Nd4 39. Rg3+ Kh7 40. Kh2 Re2 41. Rf8 g5 42. Rf6 Ne6 43. Rff3 Nf4
44. Rc3 Re5 45. Rge3 Rd5 46. Rc2 Kg6 47. Re4 Kf5 48. Ra4 h5 49. Rxa6 Ke4
50. Rc6 Nd3 51. Rc4+ Ke5 52. a4 Rd8 53. Rg6 Kd5 54. Rc2 g4 55. Rg5+ Kc6 56.
hxg4 hxg4 57. Rxg4 Ne5 58. Re4 Rh8+ 59. Kg1 Nd3 60. Rc3 Kd5 61. Rg4 Ne5 62.
Rg5 Kd4 63. Rxc5 Kxc5 64. Rxe5+ Kd4 65. Rb5 Rc8 66. a5 Rc1+ 67. Kf2 Ra1 68.
Kf3 1-0

[Event "FIDE World Cup 2021"]
[Site "Krasnaya Polyana (Sochi) RUS"]
[Date "2021.07.16"]
[EventDate "2021.07.12"]
[Round "2.2"]
[Result "1/2-1/2"]
[White "Daniele Vocaturo"]
[Black "Vladimir Malakhov"]
[WhiteElo "2617"]
[BlackElo "2666"]
[PlyCount "60"]

1. e4 e5 2. Nf3 Nc6 3. d4 exd4 4. Nxd4 Bc5 5. Nb3 Bb6 6. Qe2 a5 7. a4 d6 8.
Nc3 Be6 9. Nd5 Bxd5 10. exd5+ Nce7 11. Qf3 Nf6 12. Bb5+ Nd7 13. Qg4 c6 14.
dxc6 bxc6 15. Be2 O-O 16. O-O Nf6 17. Qf3 d5 18. Be3 Bxe3 19. Qxe3 Re8 20.
Bd3 Ng6 21. Qc5 Ne5 22. Rfe1 Nfd7 23. Qc3 g6 24. Re2 Qg5 25. h3 Re7 26. Rf1
Nxd3 27. Qxd3 Rxe2 28. Qxe2 Qh4 29. Re1 Qxa4 30. Qe7 Qb4 1/2-1/2

[Event "FIDE World Cup 2021"]
[Site "Krasnaya Polyana (Sochi) RUS"]
[Date "2021.07.16"]
[EventDate "2021.07.12"]
[Round "2.2"]
[Result "1/2-1/2"]
[White "Nijat Abasov"]
[Black "Shant Sargsyan"]
[WhiteElo "2656"]
[BlackElo "2626"]
[PlyCount "62"]

1. d4 Nf6 2. Nf3 d5 3. Bf4 Bf5 4. e3 e6 5. c4 Bxb1 6. Rxb1 Bb4+ 7. Ke2 dxc4
8. Qa4+ Nc6 9. Ne5 Nd5 10. Nxc6 Qd7 11. Rc1 bxc6 12. Rxc4 Rb8 13. Qxc6 Qxc6
14. Rxc6 Nxf4+ 15. exf4 Ba5 16. b3 Ke7 17. Ke3 Rhd8 18. Be2 Bb6 19. Rd1 a5
20. Ke4 g6 21. g4 Rd7 22. Bb5 Rd6 23. Rxd6 cxd6 24. Be2 d5+ 25. Kd3 Ba7 26.
f5 a4 27. Kc3 axb3 28. axb3 Rc8+ 29. Kd3 Rb8 30. Kc3 Rc8+ 31. Kd3 1/2-1/2

[Event "FIDE World Cup 2021"]
[Site "Krasnaya Polyana (Sochi) RUS"]
[Date "2021.07.16"]
[EventDate "2021.07.12"]
[Round "2.2"]
[Result "1-0"]
[White "Yaroslav Zherebukh"]
[Black "Alexei Shirov"]
[WhiteElo "2620"]
[BlackElo "2662"]
[PlyCount "72"]

1. b3 d5 2. Bb2 Bg4 3. f3 Bh5 4. h4 f5 5. Nh3 Nf6 6. Nf4 Qd6 7. e3 Bf7 8.
d4 Nbd7 9. Nc3 a6 10. Nce2 g6 11. Nd3 Bh6 12. Qd2 c5 13. dxc5 Nxc5 14. Ne5
Ncd7 15. Nxf7 Kxf7 16. O-O-O e5 17. Kb1 Qc5 18. f4 Rhe8 19. h5 Bg7 20. Nc3
exf4 21. hxg6+ hxg6 22. exf4 Rad8 23. g4 Nxg4 24. b4 Qc6 25. b5 Qe6 26.
Nxd5 Bxb2 27. Nc7 Qe3 28. Bc4+ Kg7 29. Nxe8+ Qxe8 30. Kxb2 Ne3 31. Qd4+ Ne5
32. Qxd8 Nxd1+ 33. Rxd1 Nxc4+ 34. Kc3 Qxd8 35. Rxd8 axb5 36. Rd7+ 1-0

[Event "FIDE World Cup 2021"]
[Site "Krasnaya Polyana (Sochi) RUS"]
[Date "2021.07.16"]
[EventDate "2021.07.12"]
[Round "2.2"]
[Result "0-1"]
[White "Sanan Sjugirov"]
[Black "Sarin Nihal"]
[WhiteElo "2661"]
[BlackElo "2620"]
[PlyCount "90"]

1. e4 e5 2. Nf3 Nc6 3. Bb5 a6 4. Ba4 Nf6 5. O-O Be7 6. Re1 b5 7. Bb3 O-O 8.
a4 Bb7 9. d3 d6 10. Nbd2 Nd7 11. c3 Nc5 12. Bc2 Nxa4 13. Bxa4 bxa4 14. Rxa4
Bc8 15. Nf1 f5 16. Ne3 fxe4 17. dxe4 Kh8 18. b4 Qe8 19. Nd2 Bh4 20. Re2 Ne7
21. Ndf1 Ng6 22. Ng3 Nf4 23. Rea2 Rb8 24. Ngf5 Bd8 25. Ng3 Qg6 26. f3 h5
27. Kh1 h4 28. Ngf5 h3 29. g3 Ne6 30. Rf2 Qh7 31. Nc4 Bb7 32. Kg1 d5 33.
Nxe5 dxe4 34. fxe4 Bxe4 35. Nd7 Rxf5 36. Nxb8 Rxf2 37. Kxf2 Qf5+ 38. Ke1
Bd3 39. Be3 Bf6 40. Ra3 Bc4 41. Bf4 Nxf4 42. gxf4 Qe4+ 43. Kd2 Qxf4+ 44.
Kc2 Qxh2+ 45. Kb1 Qe2 0-1

[Event "FIDE World Cup 2021"]
[Site "Krasnaya Polyana (Sochi) RUS"]
[Date "2021.07.16"]
[EventDate "2021.07.12"]
[Round "2.2"]
[Result "0-1"]
[White "Delgado Ramirez, Neuris"]
[Black "Baskaran Adhiban"]
[WhiteElo "2622"]
[BlackElo "2660"]
[PlyCount "116"]

1. e4 e5 2. Nf3 Nc6 3. Bb5 a6 4. Ba4 Nf6 5. Bxc6 dxc6 6. d3 Bd6 7. Nbd2 Be6
8. h3 Nd7 9. b3 b5 10. Nf1 f6 11. Ne3 c5 12. h4 h5 13. Nf5 Bf8 14. Nd2 g6
15. Ne3 Nb8 16. a4 Nc6 17. Bb2 Bh6 18. O-O O-O 19. Re1 Nd4 20. c3 Nc6 21.
axb5 axb5 22. Rxa8 Qxa8 23. Qc2 Qd8 24. Nf3 Bg4 25. Nh2 Be6 26. Ra1 Qd7 27.
Ra6 Rd8 28. Nhf1 Kf7 29. Ba3 Bf8 30. c4 Nb8 31. Ra8 Nc6 32. Rxd8 Qxd8 33.
cxb5 Nd4 34. Qb1 Nxb5 35. Bb2 Nd4 36. Bxd4 cxd4 37. Nc4 Qa8 38. Qb2 Bb4 39.
f4 exf4 40. Qxd4 Qf8 41. Qf2 Bxc4 42. bxc4 Qd6 43. Qf3 Be1 44. g3 Bxg3 45.
Nxg3 fxg3 46. Kg2 c5 47. Qe3 Kg7 48. Qf3 Qe5 49. Kh3 Kf7 50. Qe3 g5 51.
hxg5 Qxg5 52. Qxg3 Qxg3+ 53. Kxg3 Ke6 54. Kf4 h4 55. Kg4 Ke5 56. Kxh4 Kd4
57. Kg4 Kxd3 58. Kf5 Kd4 0-1

[Event "FIDE World Cup 2021"]
[Site "Krasnaya Polyana (Sochi) RUS"]
[Date "2021.07.16"]
[EventDate "2021.07.12"]
[Round "2.2"]
[Result "1-0"]
[White "Samuel Sevian"]
[Black "Benjamin Bok"]
[WhiteElo "2647"]
[BlackElo "2624"]
[PlyCount "138"]

1. d4 Nf6 2. c4 e6 3. Nf3 d5 4. Nc3 Bb4 5. Qa4+ Nc6 6. e3 O-O 7. Qc2 b6 8.
Bd2 Ne7 9. a3 Bxc3 10. Bxc3 a5 11. b3 Ba6 12. Nd2 a4 13. bxa4 dxc4 14. e4
Qd7 15. Be2 Bb7 16. Bxc4 Rxa4 17. Bb3 Rxd4 18. Bxd4 Qxd4 19. O-O Nxe4 20.
Nxe4 Qxe4 21. Qxe4 Bxe4 22. Rfc1 Rc8 23. Bc4 Kf8 24. a4 Ra8 25. f3 Bd5 26.
Bd3 Ra7 27. Ra3 g6 28. Kf2 Ke8 29. a5 bxa5 30. Rc5 a4 31. Bb5+ c6 32. Rxa4
Rxa4 33. Bxa4 Kf8 34. h4 h6 35. g4 g5 36. h5 Kg7 37. Ra5 Kf6 38. Ra7 e5 39.
Bc2 c5 40. Ra6+ Kg7 41. Ra5 c4 42. Be4 Bxe4 43. fxe4 Kf6 44. Ke3 Ng8 45.
Rc5 Ne7 46. Rxc4 Ng8 47. Rc5 Ne7 48. Rb5 Ng8 49. Rb8 Kg7 50. Kf3 Ne7 51.
Re8 Nc6 52. Ke3 Kf6 53. Kd3 Nd4 54. Rb8 Ne6 55. Kc4 Nf4 56. Rb6+ Kg7 57.
Rb2 Kf6 58. Ra2 Kg7 59. Kc5 Kf6 60. Kd6 Nd3 61. Ra3 Nf4 62. Rf3 Kg7 63. Ke7
f6 64. Rf2 Nd3 65. Rxf6 Nc5 66. Rg6+ Kh7 67. Kf7 Nxe4 68. Rg7+ Kh8 69. Kg6
1-0

[Event "FIDE World Cup 2021"]
[Site "Krasnaya Polyana (Sochi) RUS"]
[Date "2021.07.16"]
[EventDate "2021.07.12"]
[Round "2.2"]
[Result "0-1"]
[White "Abdelrahman Hesham"]
[Black "Constantin Lupulescu"]
[WhiteElo "2397"]
[BlackElo "2659"]
[PlyCount "62"]

1. d4 Nf6 2. c4 e6 3. Nf3 d5 4. Nc3 c5 5. e3 dxc4 6. Bxc4 a6 7. O-O b5 8.
Bb3 Bb7 9. Qe2 Nbd7 10. Rd1 Qb6 11. d5 Nxd5 12. Nxd5 Bxd5 13. Bxd5 exd5 14.
Rxd5 Qb7 15. Rg5 g6 16. b4 Be7 17. Bb2 O-O 18. Rg3 cxb4 19. Ng5 Bf6 20. Rd1
Rfd8 21. f4 Bc3 22. e4 Nf6 23. Bxc3 bxc3 24. Rf1 h6 25. f5 hxg5 26. fxg6
Qxe4 27. gxf7+ Kf8 28. Re3 Qd4 29. Kh1 c2 30. Qf2 Qf4 31. Re8+ Kxf7 0-1

[Event "FIDE World Cup 2021"]
[Site "Krasnaya Polyana (Sochi) RUS"]
[Date "2021.07.16"]
[EventDate "2021.07.12"]
[Round "2.2"]
[Result "1/2-1/2"]
[White "Grigoriy Oparin"]
[Black "Bogdan-Daniel Deac"]
[WhiteElo "2654"]
[BlackElo "2639"]
[PlyCount "60"]

1. d4 Nf6 2. c4 e6 3. Nf3 d5 4. g3 Be7 5. Bg2 O-O 6. O-O dxc4 7. Qc2 a6 8.
a4 Bd7 9. Rd1 Bc6 10. Bg5 b5 11. Bxf6 Bxf6 12. Nc3 Qe8 13. h4 g6 14. e4 Nd7
15. d5 exd5 16. exd5 Bb7 17. axb5 axb5 18. Rxa8 Qxa8 19. Nxb5 Qa5 20. Nc3
Nb6 21. d6 cxd6 22. Rxd6 Bxc3 23. Qxc3 Qxc3 24. bxc3 Na4 25. Ne5 Bxg2 26.
Kxg2 Rc8 27. Rd4 Nxc3 28. Rxc4 Rxc4 29. Nxc4 h5 30. Ne5 Kg7 1/2-1/2

[Event "FIDE World Cup 2021"]
[Site "Krasnaya Polyana (Sochi) RUS"]
[Date "2021.07.16"]
[EventDate "2021.07.12"]
[Round "2.2"]
[Result "1-0"]
[White "Pavel Ponkratov"]
[Black "Yuriy Kuzubov"]
[WhiteElo "2629"]
[BlackElo "2653"]
[PlyCount "104"]

1. e4 e5 2. Nf3 Nf6 3. d4 Nxe4 4. Bd3 d5 5. Nxe5 Nd7 6. O-O Nxe5 7. dxe5
Nc5 8. f4 g6 9. Be3 Nxd3 10. Qxd3 c5 11. Rd1 d4 12. Bf2 Bg4 13. Rd2 Qd7 14.
c3 Bh6 15. h3 Bf5 16. Qg3 Bxb1 17. Qh4 Qf5 18. Qxh6 O-O-O 19. cxd4 cxd4 20.
Bxd4 Qe4 21. Kh2 g5 22. Qf6 g4 23. hxg4 Rhg8 24. e6 fxe6 25. Rxb1 Qxb1 26.
Qxe6+ Kb8 27. Qe5+ Ka8 28. Qa5 a6 29. Qb6 Rxd4 30. Rxd4 Rb8 31. Rd8 Qxa2
32. Rxb8+ Kxb8 33. Qd8+ Ka7 34. Qd4+ Kb8 35. f5 Qf7 36. Kg3 Kc7 37. Kf4 h6
38. Qc5+ Kd7 39. Qd4+ Kc6 40. f6 a5 41. Kf5 b6 42. Qe4+ Kd6 43. Qf4+ Kd7
44. Qxh6 Qe6+ 45. Kg5 a4 46. Qh7+ Ke8 47. Qf5 Qg8+ 48. Kf4 Kd8 49. Qd3+ Kc7
50. g5 Qf8 51. Qc4+ Kb7 52. Ke4 1-0

[Event "FIDE World Cup 2021"]
[Site "Krasnaya Polyana (Sochi) RUS"]
[Date "2021.07.16"]
[EventDate "2021.07.12"]
[Round "2.2"]
[Result "1-0"]
[White "Jorge Cori"]
[Black "Sandro Mareco"]
[WhiteElo "2652"]
[BlackElo "2629"]
[PlyCount "122"]

1. c4 e5 2. Nc3 Bb4 3. Nd5 a5 4. Nf3 d6 5. a3 Bc5 6. e3 c6 7. Nc3 Ba7 8. d4
Nd7 9. b4 Ngf6 10. Bb2 O-O 11. Be2 Re8 12. O-O e4 13. Nd2 d5 14. cxd5 cxd5
15. Qb3 Nf8 16. Rfc1 Bb8 17. Nf1 axb4 18. Qxb4 h5 19. Rc2 h4 20. Rac1 Bd6
21. Qb3 Bd7 22. a4 Bc6 23. Ba3 Bb8 24. Bb4 Re6 25. a5 Bc7 26. a6 bxa6 27.
Na4 Bxa4 28. Qxa4 Bd6 29. Ba5 Qd7 30. Qxd7 N8xd7 31. Nd2 Kh7 32. g3 hxg3
33. hxg3 Rb8 34. Kg2 Bb4 35. Bc7 Rc8 36. Nb3 Ba3 37. Bf4 Rxc2 38. Rxc2 Bd6
39. Bg5 Kg6 40. Bxf6 Nxf6 41. Bxa6 Ba3 42. Bc8 Rb6 43. Na5 Rb2 44. Rxb2
Bxb2 45. Nc6 Ng8 46. Bb7 Kf5 47. Nd8 Ne7 48. Nxf7 Bc3 49. Nd6+ Ke6 50. Ne8
g5 51. Nc7+ Kf5 52. Bxd5 Ba5 53. g4+ Kxg4 54. Be6+ Kh5 55. Ne8 Kg6 56. Nd6
Kf6 57. Bc4 g4 58. Nxe4+ Kf5 59. Nd6+ Kg5 60. Nf7+ Kh4 61. Be6 1-0

[Event "FIDE World Cup 2021"]
[Site "Krasnaya Polyana (Sochi) RUS"]
[Date "2021.07.16"]
[EventDate "2021.07.12"]
[Round "2.2"]
[Result "1-0"]
[White "David Paravyan"]
[Black "Alexander Onischuk"]
[WhiteElo "2625"]
[BlackElo "2649"]
[PlyCount "58"]

1. d4 f5 2. Bf4 Nf6 3. e3 e6 4. Nf3 b6 5. Bc4 Bb7 6. O-O h6 7. Nc3 g5 8.
Bg3 d5 9. Bd3 Bd6 10. Ne5 Nbd7 11. h3 h5 12. f4 h4 13. Be1 g4 14. hxg4 Nxg4
15. Nxg4 fxg4 16. Bg6+ Kf8 17. Qxg4 Qf6 18. f5 e5 19. Nb5 Ba6 20. a4 c6 21.
Nxd6 Qxd6 22. dxe5 Nxe5 23. Qf4 Bxf1 24. Bc3 Nf7 25. Qxd6+ Nxd6 26. Bxh8
Be2 27. Re1 Bg4 28. Rf1 Ke7 29. Bg7 1-0

[Event "FIDE World Cup 2021"]
[Site "Krasnaya Polyana (Sochi) RUS"]
[Date "2021.07.16"]
[EventDate "2021.07.12"]
[Round "2.2"]
[Result "1/2-1/2"]
[White "Haik M Martirosyan"]
[Black "Mustafa Yilmaz"]
[WhiteElo "2632"]
[BlackElo "2630"]
[PlyCount "66"]

1. d4 Nf6 2. c4 c5 3. d5 g6 4. Nc3 Bg7 5. e4 d6 6. Nf3 O-O 7. Be2 e5 8. O-O
Nbd7 9. Ne1 Ne8 10. Nd3 Qe7 11. Be3 f5 12. exf5 gxf5 13. f4 e4 14. Nf2 Bxc3
15. bxc3 Ndf6 16. Qe1 Kh8 17. Nd1 Rg8 18. Bf2 Ng4 19. Bh4 Qg7 20. Qg3 Qf8
21. Qe1 Qg7 22. Qg3 Qf8 23. Qe1 Bd7 24. h3 Ngf6 25. Ne3 Rc8 26. Kh2 Rc7 27.
Rg1 Bc8 28. Qf2 Rcg7 29. g3 Qf7 30. Rab1 Qc7 31. Qe1 Rg6 32. Rg2 Qg7 33.
Qf2 Qc7 1/2-1/2

[Event "FIDE World Cup 2021"]
[Site "Krasnaya Polyana (Sochi) RUS"]
[Date "2021.07.16"]
[EventDate "2021.07.12"]
[Round "2.2"]
[Result "1-0"]
[White "Alan Pichot"]
[Black "Ivan Saric"]
[WhiteElo "2630"]
[BlackElo "2653"]
[PlyCount "62"]

1. e4 c5 2. Nf3 d6 3. d4 cxd4 4. Nxd4 Nf6 5. Nc3 a6 6. Bg5 Nbd7 7. Qe2 e6
8. f4 Qc7 9. O-O-O b5 10. a3 Bb7 11. g4 Be7 12. Kb1 h6 13. Bh4 g5 14. fxg5
Nh7 15. Bg3 hxg5 16. h4 Nhf8 17. Bg2 gxh4 18. Nf5 exf5 19. exf5 Ne5 20.
Bxe5 dxe5 21. Bxb7 Qxb7 22. Qxe5 f6 23. Qe3 Kf7 24. Rhe1 Rh7 25. Nd5 Bd8
26. g5 fxg5 27. f6 Bxf6 28. Rf1 Kg7 29. Nxf6 Rh6 30. Ne8+ Kg8 31. Qxg5+ 1-0

[Event "FIDE World Cup 2021"]
[Site "Krasnaya Polyana (Sochi) RUS"]
[Date "2021.07.16"]
[EventDate "2021.07.12"]
[Round "2.2"]
[Result "0-1"]
[White "Chithambaram VR Aravindh"]
[Black "Nodirbek Abdusattorov"]
[WhiteElo "2641"]
[BlackElo "2634"]
[PlyCount "118"]

1. d4 d5 2. c4 e6 3. Nc3 Nf6 4. cxd5 Nxd5 5. e4 Nxc3 6. bxc3 c5 7. Nf3 cxd4
8. cxd4 Bb4+ 9. Bd2 Bxd2+ 10. Qxd2 O-O 11. Bc4 Nd7 12. O-O b6 13. Rfe1 Bb7
14. Rad1 Rc8 15. Bb3 h6 16. Re3 Nf6 17. d5 exd5 18. Qe1 Re8 19. e5 Ng4 20.
Re2 Ba6 21. Rxd5 Qxd5 22. Bxd5 Bxe2 23. Qxe2 Rc1+ 24. Ne1 Nxe5 25. Kh1 Kf8
26. h3 Nc4 27. Qf3 Rcxe1+ 28. Kh2 Ne5 29. Qa3+ Re7 30. f4 Re3 31. Qc1 Ng6
32. Qc8+ Re8 33. Qc7 R3e7 34. Qd6 Nh4 35. Bc6 Nf5 36. Qd3 Rc8 37. Be4 Ne3
38. f5 Nf1+ 39. Kg1 Ng3 40. Qxg3 Rxe4 41. Qd6+ Kg8 42. Qd7 Ra8 43. Qb7 Ree8
44. a4 f6 45. Kh2 a5 46. Qxb6 Re5 47. g4 Rc8 48. Qb3+ Kh7 49. Kg3 Rec5 50.
Kh4 Rc3 51. Qe6 Rd8 52. Qf7 Re3 53. Qb7 Rdd3 54. Qg2 Ra3 55. Qh1 Rf3 56.
Qg2 Rad3 57. Qh1 g5+ 58. fxg6+ Kxg6 59. Qg2 Rxh3+ 0-1

[Event "FIDE World Cup 2021"]
[Site "Krasnaya Polyana (Sochi) RUS"]
[Date "2021.07.16"]
[EventDate "2021.07.12"]
[Round "2.2"]
[Result "1/2-1/2"]
[White "Vladislav Kovalev"]
[Black "Alexey Sarana"]
[WhiteElo "2637"]
[BlackElo "2640"]
[PlyCount "48"]

1. e4 c5 2. Nf3 d6 3. Bb5+ Nd7 4. O-O a6 5. Bd3 Ngf6 6. Re1 e6 7. c3 b5 8.
Bc2 c4 9. a4 Bb7 10. d4 cxd3 11. Qxd3 Nc5 12. Qe2 bxa4 13. e5 dxe5 14. Nxe5
Be7 15. Rd1 Qb6 16. Rxa4 Nxa4 17. Bxa4+ Kf8 18. Rd7 Qa5 19. Rxb7 Qxa4 20.
c4 Qa1 21. Qc2 Qa5 22. Qe2 Qa1 23. Qc2 Qa5 24. Qe2 Qa1 1/2-1/2

[Event "FIDE World Cup 2021"]
[Site "Krasnaya Polyana (Sochi) RUS"]
[Date "2021.07.16"]
[EventDate "2021.07.12"]
[Round "2.2"]
[Result "1/2-1/2"]
[White "Alexander Motylev"]
[Black "Rinat Jumabayev"]
[WhiteElo "2639"]
[BlackElo "2637"]
[PlyCount "98"]

1. e4 e5 2. Nf3 Nc6 3. Bb5 Nf6 4. d3 Bc5 5. Bxc6 dxc6 6. Nbd2 Nd7 7. O-O
O-O 8. Nc4 Re8 9. a4 a5 10. Kh1 Bd6 11. Bg5 f6 12. Bd2 b6 13. Nh4 Nc5 14.
b3 Bf8 15. Ne3 Ne6 16. Rg1 c5 17. Nhf5 g6 18. Ng3 Bb7 19. Rf1 Bg7 20. Ng4
h5 21. Ne3 Qd7 22. Ne2 Rad8 23. f3 Qf7 24. g4 Nf4 25. Rg1 hxg4 26. fxg4 f5
27. gxf5 gxf5 28. Nxf4 exf4 29. Bc3 Rxe4 30. Rxg7+ Qxg7 31. Bxg7 Rxe3+ 32.
Kg1 Bf3 33. Qf1 Kxg7 34. Re1 Rde8 35. Rxe3 Rxe3 36. h3 Kg6 37. Qa1 Bh5 38.
Qh8 Rxh3 39. Qe5 Rg3+ 40. Kh2 Kg5 41. Qe7+ Kg4 42. Qxc7 Kf3 43. Qxb6 Bg4
44. Qxa5 Ke2 45. Qc7 Rh3+ 46. Kg1 Rg3+ 47. Kh2 Rh3+ 48. Kg1 Rg3+ 49. Kh2
1/2-1/2

[Event "FIDE World Cup 2021"]
[Site "Krasnaya Polyana (Sochi) RUS"]
[Date "2021.07.16"]
[EventDate "2021.07.12"]
[Round "2.2"]
[Result "1/2-1/2"]
[White "Evgeny Bareev"]
[Black "Aryan Tari"]
[WhiteElo "2638"]
[BlackElo "2639"]
[PlyCount "76"]

1. d4 d5 2. c4 e6 3. Nf3 Nf6 4. g3 dxc4 5. Bg2 c5 6. O-O Nc6 7. Qa4 Bd7 8.
dxc5 Bxc5 9. Qxc4 Be7 10. Nc3 O-O 11. e4 Rc8 12. Qe2 Qa5 13. Rd1 h6 14. Bd2
Qa6 15. Qxa6 bxa6 16. Bf4 g5 17. Bd6 Bxd6 18. Rxd6 g4 19. Nd4 Nxd4 20. Rxd4
Rc5 21. Re1 e5 22. Rd6 Be6 23. Rxa6 Rb8 24. Rxa7 Rc4 25. Re2 Rcb4 26. Nd5
Bxd5 27. exd5 Rxb2 28. Rxb2 Rxb2 29. d6 Rd2 30. Re7 Kf8 31. a4 Rd1+ 32. Bf1
Ne4 33. Rxe5 Nd2 34. Kg2 Nf3 35. Re4 f5 36. Re3 Ne1+ 37. Kg1 Nf3+ 38. Kg2
Ne1+ 1/2-1/2

[Event "FIDE World Cup 2021"]
[Site "Krasnaya Polyana (Sochi) RUS"]
[Date "2021.07.17"]
[EventDate "2021.07.12"]
[Round "2.3"]
[Result "0-1"]
[White "Krikor Sevag Mekhitarian"]
[Black "Shakhriyar Mamedyarov"]
[WhiteElo "2554"]
[BlackElo "2782"]
[PlyCount "84"]

1. e4 e5 2. Nf3 Nf6 3. Nxe5 d6 4. Nf3 Nxe4 5. d4 d5 6. Bd3 Bd6 7. Nbd2 O-O 8.
O-O Nxd2 9. Bxd2 Bg4 10. h3 Bh5 11. Re1 Nd7 12. c3 c6 13. g3 f5 14. Kg2 Nf6 15.
Qc2 Bxf3+ 16. Kxf3 Ne4 17. Kg2 Qf6 18. f4 Rae8 19. Bxe4 fxe4 20. Be3 g5 21. Rf1
Qg6 22. f5 Rxf5 23. Rxf5 Qxf5 24. Rf1 Qg6 25. Qe2 Rf8 26. Rxf8+ Bxf8 27. Qg4 Be7
28. Qc8+ Kf7 29. Qxb7 Qf6 30. Kh2 h6 31. Qd7 Qf3 32. Bg1 Qe2+ 33. Kh1 Qf1 34.
Qxc6 Qxh3+ 35. Bh2 Qf1+ 36. Bg1 Qf3+ 37. Kh2 e3 38. Bxe3 Qxe3 39. Qxd5+ Qe6 40.
Qxe6+ Kxe6 41. g4 Kd5 42. a4 Kc4 0-1

[Event "FIDE World Cup 2021"]
[Site "Krasnaya Polyana (Sochi) RUS"]
[Date "2021.07.17"]
[EventDate "2021.07.12"]
[Round "2.3"]
[Result "1-0"]
[White "Jakhongir Vakhidov"]
[Black "Dominguez Perez, Leinier"]
[WhiteElo "2534"]
[BlackElo "2758"]
[PlyCount "88"]

1. c4 c5 2. g3 g6 3. Bg2 Bg7 4. Nc3 Nc6 5. Nf3 d6 6. O-O Bg4 7. d3 Qd7 8. Nd5
Nf6 9. Nxf6+ Bxf6 10. Rb1 Bh3 11. Bh6 Bxg2 12. Kxg2 d5 13. cxd5 Qxd5 14. Qa4
O-O-O 15. b4 cxb4 16. Be3 Kb8 17. Rfc1 Qa5 18. Qxa5 Nxa5 19. Bf4+ Ka8 20. Bc7
Rd5 21. e4 Rb5 22. a4 Rb6 23. Bxb6 axb6 24. Rxb4 Rd8 25. e5 Bg7 26. d4 Ka7 27.
Rcb1 e6 28. Rxb6 Rd7 29. Rd6 Re7 30. Nd2 Rc7 31. Ne4 Bf8 32. Rd8 Be7 33. Rh8 h5
34. Rh7 Nc6 35. Rc1 Ba3 36. Rc4 Rd7 37. Nf6 Re7 38. f4 Bb2 39. d5 exd5 40. Nxd5
Rd7 41. Rxc6 bxc6 42. e6 Rxd5 43. e7 Rd2+ 44. Kf1 1-0

[Event "FIDE World Cup 2021"]
[Site "Krasnaya Polyana (Sochi) RUS"]
[Date "2021.07.17"]
[EventDate "2021.07.12"]
[Round "2.3"]
[Result "1/2-1/2"]
[White "Alexandr Fier"]
[Black "Santosh Gujrathi Vidit"]
[WhiteElo "2569"]
[BlackElo "2726"]
[PlyCount "62"]

1. e4 e5 2. Nf3 Nc6 3. Bb5 Nf6 4. O-O Nxe4 5. Re1 Nd6 6. Nxe5 Be7 7. Bf1 Nxe5 8.
Rxe5 O-O 9. d4 Bf6 10. Re1 Re8 11. c3 b6 12. Bf4 Rxe1 13. Qxe1 Qe7 14. Na3 Bb7
15. Qxe7 Bxe7 16. Bxd6 Bxd6 17. Nb5 Bc6 18. Nxd6 cxd6 19. a4 a5 20. f3 g6 21.
Kf2 Kg7 22. Bc4 d5 23. Bd3 f5 24. f4 Kf6 25. Bc2 b5 26. axb5 Bxb5 27. Bb3 Bc6
28. Bd1 a4 29. Ke3 Rb8 30. Ra2 Bb5 31. b3 1/2-1/2

[Event "FIDE World Cup 2021"]
[Site "Krasnaya Polyana (Sochi) RUS"]
[Date "2021.07.17"]
[EventDate "2021.07.12"]
[Round "2.3"]
[Result "1/2-1/2"]
[White "Andrey Esipenko"]
[Black "Thai Dai Van Nguyen"]
[WhiteElo "2716"]
[BlackElo "2588"]
[PlyCount "52"]

1. e4 e5 2. Nf3 Nc6 3. Bc4 Bc5 4. c3 Nf6 5. d3 d6 6. O-O h6 7. Re1 O-O 8. h3 Bb6
9. Bb3 Ne7 10. d4 Ng6 11. Nbd2 c6 12. Bc2 Re8 13. Nf1 d5 14. Nxe5 Nxe5 15. dxe5
Nxe4 16. Bxe4 dxe4 17. Qh5 Qd5 18. Bf4 e3 19. Nxe3 Qe4 20. Bg3 Be6 21. b3 Qd3
22. Rac1 a5 23. Red1 Qe4 24. Re1 Qd3 25. Red1 Qe4 26. Re1 1/2-1/2

[Event "FIDE World Cup 2021"]
[Site "Krasnaya Polyana (Sochi) RUS"]
[Date "2021.07.17"]
[EventDate "2021.07.12"]
[Round "2.3"]
[Result "1/2-1/2"]
[White "Volodar Murzin"]
[Black "Vladislav Artemiev"]
[WhiteElo "2502"]
[BlackElo "2704"]
[PlyCount "122"]

1. e4 c6 2. d4 d5 3. f3 Qb6 4. Nc3 dxe4 5. Nxe4 Bf5 6. Ng3 Bg6 7. f4 e6 8. Nf3
Nf6 9. c3 c5 10. d5 Nbd7 11. dxe6 fxe6 12. Bc4 O-O-O 13. Qe2 Bd6 14. O-O Rhe8
15. Ne5 Qc7 16. Re1 Kb8 17. a4 a6 18. a5 Nd5 19. Nxd7+ Rxd7 20. Nh5 Nxf4 21.
Nxf4 Bxf4 22. Bxf4 Qxf4 23. Rad1 Rxd1 24. Rxd1 Qc7 25. b4 cxb4 26. cxb4 Rd8 27.
Rxd8+ Qxd8 28. Qe5+ Qc7 29. Qxe6 Qf4 30. Qd5 Qc1+ 31. Kf2 Qb2+ 32. Kg3 Qc3+ 33.
Kf2 Qf6+ 34. Kg3 Be8 35. Qf3 Qg5+ 36. Qg4 Qe3+ 37. Kh4 Ka7 38. Qxg7 Qf4+ 39. Qg4
Qxh2+ 40. Kg5 Qe5+ 41. Qf5 h6+ 42. Kg4 Qg7+ 43. Kf3 Qc3+ 44. Qd3 Bc6+ 45. Kf4
Qf6+ 46. Ke3 Qg5+ 47. Kd4 Qxg2 48. Qe3 h5 49. Kc5 Qe4 50. Qxe4 Bxe4 51. Kd4 Bc6
52. Ke3 h4 53. Kf4 Bd7 54. Bd5 Kb8 55. Be4 Kc7 56. Bf3 Bc8 57. Be2 Kc6 58. Bd3
Kc7 59. b5 axb5 60. Bxb5 Bd7 61. a6 bxa6 1/2-1/2